| 000 | 01050nam a22002772 4500 | ||
|---|---|---|---|
| 001 | 0000025455 | ||
| 005 | 20151217154546.0 | ||
| 008 | 150924s xx 000 0 eng d | ||
| 020 | _a9004176089 : | ||
| 040 |
_aKABU _cKABU |
||
| 100 | 1 |
_aRamcharand, Bertrand. _@0000186102 |
|
| 245 | 1 | 4 |
_aThe Fundamentals of International Human Rights Treaty Law / _cby Bertrand G. Ramcharan. |
| 260 |
_aBoston : _bMartinus, _c2011. |
||
| 300 | _axv, 287 p. | ||
| 650 | 0 |
_aHuman rights. _@0000150298 |
|
| 650 | 0 |
_aTreaties. _@0000160125 |
|
| 852 | 1 | _9P19500KES | |
| 852 | 1 | _9P19500KES | |
| 852 | 1 | _9P19500KES | |
| 852 | 1 | _9P19500KES | |
| 852 | 1 | _9P19500KES | |
| 852 | 1 | _9P19500KES | |
| 852 | 1 | _9P19500KES | |
| 908 | _a150924 | ||
| 950 | _@1 | ||
| 999 |
_c11718 _d11718 |
||